Statistics for Unique Countries: by 1st-2nd-3rd-4th-5th-6th Letter

Click here to take the quiz!

General Stats

  • This quiz has been taken 344 times
  • The average score is 7 of 15

Answer Stats

LetterCountry% Correct
1stQatar
89%
1stYemen
89%
1stOman
87%
2ndoMan
87%
4thiraQ
41%
6thkyrgyZstan
41%
2ndaFghanistan
35%
2nddJibouti
35%
4thegyPt
31%
2ndeQuatorial guinea
26%
2nduKraine
23%
3rdtuValu
21%
3rdpaKistan
19%
2ndsPain
19%
6thportuGal
10%

Score Distribution

Percentile by Number Answered

Percent of People with Each Score

Your Score History

You have not taken this quiz